| 000 | 00941nam a22002775a 4500 | ||
|---|---|---|---|
| 005 | 20180220120933.0 | ||
| 008 | 180220t2008 maua frbd 001 0 eng d | ||
| 020 | _a053634227X | ||
| 020 | _a9780536342270 | ||
| 040 |
_aEG-ScBUE _beng _cEG-ScBUE |
||
| 082 | 0 | 4 |
_a332.6076 _bEQU _222 |
| 110 | 2 | _aCFA Institute. | |
| 245 | 1 | 0 |
_aEquity and fixed income / _cCFA Institute. |
| 260 |
_aBoston : _bPearson Custom Publishing : _bCFA Institute, _cc.2008. |
||
| 300 |
_a1 v. : _bill. (col.) ; _c28 cm. |
||
| 490 | 0 |
_aCFA Program Curriculum ; _vv. 5 |
|
| 500 | _aIncludes glossary. | ||
| 504 | _aIncludes bibliographical references and index. | ||
| 541 | _aD. Mohammed Shoman ; | ||
| 650 | 7 |
_aInvestment advisors _vExaminations, questions, etc. _2BUEsh |
|
| 650 | 7 |
_aInvestment analysis _vExaminations, questions, etc. _2BUEsh |
|
| 650 | 7 |
_aEquity. _2BUEsh |
|
| 651 | _2BUEsh | ||
| 653 |
_bBUSECO _cFebruary2018 |
||
| 942 | _2ddc | ||
| 999 |
_c26155 _d26127 |
||